| 000 | 00739nam a2200265Ia 4500 | ||
|---|---|---|---|
| 003 | OSt | ||
| 005 | 20221006153741.0 | ||
| 006 | a|||||r|||| 00| 0 | ||
| 007 | ta | ||
| 008 | 221006b |||||||| |||| 00| 0 chi d | ||
| 020 |
_a9789571606897 _c450.00 yuan |
||
| 024 | _a33,231 | ||
| 037 |
_bGift, PRC _cAnnuals, Advances |
||
| 040 |
_aEASL _cEASL _bchi |
||
| 041 |
_2chi _achi |
||
| 082 | _aNA4295, 41P4 | ||
| 100 |
_aHUANG Bo Xun Au. _9665256 |
||
| 245 | 0 | _aFaxian Gu Cuo Zhiyou | |
| 260 |
_aTaibei _bLi Ming Wen Hua Shiye Gufen You _c2004 |
||
| 300 |
_a375p. _ccm. |
||
| 490 | _v CL | ||
| 650 |
_aCL _9642733 |
||
| 942 |
_hNA4295, 41P4 _cREF _2CC |
||
| 999 |
_c1101317 _d1101317 |
||